[Event "45th World Chess Olympiad"]
[Site "Budapest"]
[Date "2024.09.16"]
[Round "6"]
[White "Vanduyfhuys, Daria"]
[Black "Ouellet, Maili-Jade"]
[Result "0-1"]
[Annotator "Maili-Jade Ouellet"]
[WhiteElo "2112"]
[BlackElo "2318"]
[WhiteFideId "-1"]
[BlackFideId "-1"]
[PlyCount "142"]
[GameId "2090673966461200"]
[EventDate "2024.??.??"]
[EventCountry "HUN"]
[SourceTitle "Chess Canada 25"]
[Source "JohnUpper?CFC"]
[SourceDate "2025.06.29"]
[SourceVersion "1"]
[SourceVersionDate "2026.07.01"]
[SourceQuality "1"]

{This was round 6 of the World Chess Olympiad, where we were paired against Belgium. Based on ratings, we were favorites to win the match. In general, it is difficult to know in advance who you will face for certain, as board pairings are only released at 10 AM for a 3 PM game, leaving limited time for preparation. However, board ones often play each other, especially in the women’s section, where there is often a significant strength gap between board 1 and other players. In this case, Belgium’s boards 2 and 3 were performing very well, while their board 1 was struggling with 0/5. Given this, my team and I expected I would likely face their board 2. Still, I had to split my preparation to be ready for both possibilities.} 1. d4 Nf6 2. c4 e6 3. Nf3 d5 4. Nc3 Bb4 {[#] The Ragozin.  In my opinion, and that of many others, this opening is extremely solid. I generally avoid playing this way against lower-rated opponents, as White can steer the game into very drawish positions, with some lines even leading to forced repetitions. To highlight its solidity, I have played it six times in classical games, scoring +2 =4 -0 against decent opposition — a strong statistical result.   Regarding this game, my initial preparation was focused on a more aggressive approach. However, before the game, I started doubting whether I had prepared it thoroughly enough and felt it was too risky. As a result, I made a last-minute decision to play the Ragozin, as it is a straightforward system. I also mentally accepted that a draw was a likely outcome, depending on my opponent’s choice of line—though some variations do offer plenty of life and activity.} 5. Bg5 h6 6. Bxf6 (6. Bh4 dxc4 {Black can attempt to hold onto the c4-pawn long-term and potentially convert it into a win.}) 6... Qxf6 7. e3 O-O 8. Rc1 {[#]} dxc4 (8... Nc6 $5 {, combined with the idea of ...dxc4 with ...e5, was also an option. During the game, I did not feel prepared to go for it, though it likely would have created more winning chances and avoided the possibility of an early draw by repetition.}) 9. Bxc4 c5 10. O-O cxd4 11. Nxd4 (11. Ne4 {would keep the position alive.} Qe7 {or f5}) 11... Bd7 {Preparing ...c6.} 12. Qb3 Nc6 $1 {Although we are still following the theory, ...c6 is a nice move as it develops an important piece, connects the rooks and surprisingly does so without losing any material!} 13. Nxc6 Bxc3 {[#]} ({An important intermezzo as} 13... Bxc6 $4 {loses a piece to} 14. Qxb4) 14. Qxc3 {This move makes sense, as White will capture on f6 next, weakening Black’s kingside pawn structure. Black cannot prevent this with ...xc3 due to the e7+ intermezzo. Looking back, I do not think my opponent was familiar with the theory, as she chose xc3. Had she known it, she likely would have opted for the repetition.} (14. Rxc3 Bxc6 {and forced a repetition with} 15. Bb5 Bd5 16. Bc4 Bc6 17. Bb5 $11 {Black has no choice but to accept the draw, as other moves offer minimal winning chances or lead to worse positions. When I decided to play a safer line like the Ragozin, I accepted that a quick draw was a realistic outcome. I made peace with this decision for the good of the team and to avoid the risk of losing rating by being careless or underestimating my opponent.}) ({editor -} 14. Qxb7 Bxc6 {is another of the semi-forced Ragozin draws; e.g.} 15. Qxc6 Bxb2 16. Rc2 Rac8 17. Qa4 Rc7 18. Bd3 Rxc2 19. Bxc2 Rc8 20. Rd1 Qc3 21. Bb3 Qc5 {1/2 So,W (2770)-Carlsen,M (2855) Bilbao Masters 9th 2016 (10)}) 14... Bxc6 15. Qxf6 gxf6 {[#] Since I had already come to terms with a quick draw, I was overjoyed to reach this position, even though it was completely equal.} 16. Rfd1 Rfd8 17. f3 Kf8 ({Although it makes no difference in regard to the evaluation} 17... f5 {was more precise as it prevents White's central expansion with e4. Black is in no hurry to activate the king.}) {Thus, White should have taken advantage of this decision and played e4.} 18. Kf2 Ke7 19. Bb3 a5 20. Rxd8 Rxd8 21. Rd1 {[#]} Rc8 {It is easier to generate winning chances with more pieces on the board.} 22. Rd4 Bb5 23. a3 Rc1 24. Rd1 Rc5 25. Rd4 Bc6 {Relocating my bishop and liberating the b5-square for my rook.} 26. Rd2 {[#] Up to this point, I had been gradually improving my pieces and position over the last few moves. The position remained equal and relatively easy to play, allowing me to keep an eye on my teammates' games. I do not recall the exact timing or order of events, but Oksana won, Penny drew, and Yunshan lost, meaning my result would decide the match outcome—the pressure was on. In this moment, I started thinking more deeply, as pushing pawns is a long-term commitment that cannot be undone.} a4 {Taking more space on the queenside and fixing White's pawns.} 27. Bc2 f5 {And now taking more space on the kingside and creating a path for my king via f6.} 28. Ke2 Kf6 29. Kd1 Rc4 {With the idea of maybe playing f4.} 30. Bd3 Rh4 31. h3 f4 {[#] This was the only plan I found to create some play.} 32. Ke2 {exf4 was also a possibility.} (32. e4 $2 Rh5 $15 {weakens the kingside and limits White's light-squared bishop for no good reason.}) 32... Ke5 33. Rc2 fxe3 34. Kxe3 f5 35. Rc5+ Kd6 36. Ra5 Rh5 {The idea is to regroup my rook to the g-file and at the same time I am threatening ...f4+ winning the .} 37. Ra8 Rg5 38. Kf2 {This move is positionally inaccurate, as it concedes control of the f4-square.} (38. g4 fxg4 39. hxg4 $11 {was best to maintain equality.}) 38... f4 $1 {[#] Black is very satisfied with this outcome, as White's kingside pawns are weak, being fixed on light squares. Additionally, both sides should aim to place their pawns on dark squares to avoid restricting the light-squared bishop and to gain more control over the board.} 39. Rf8 $2 (39. Rd8+ {needed to be played to either misplace the king, misplace the bishop or cut off the rook from reaching the c/d-files. This would prevent Black from infiltrating the first or second rank, significantly activating the rook.}) 39... Rd5 $8 {[#]} 40. Rd8+ {At this critical moment, I had just under 8 minutes to decide where to move my king before reaching the 40-move mark and gaining an additional 30 minutes on the clock.} (40. Ke2 Bb5 $8 41. Bxb5 Rxb5 42. Rd8+ (42. Rxf4 Rxb2+ $19) 42... Kc5 $1 43. Rd2 Kc4 $17 {Black's rook and king are too active while White is still struggling with a weak pawn structure.}) 40... Ke5 $2 (40... Kc5 $1 41. Rxd5+ exd5 $1 {Analysis Diagram [#] Planning ...d4 or ...b5 was the way to go. I failed to evaluate it as winning.} 42. Ke1 (42. g3 fxg3+ 43. Kxg3 Kd4 44. Bc2 Ke3 $19) 42... Bb5 43. Bf5 (43. Bc2 d4 44. Kd2 Bf1 $19) 43... Kd4 44. Kd2 Bf1 45. Ke1 Bd3 $19) 41. Rxd5+ Kxd5 42. h4 Kd4 43. Bc2 e5 44. Ke2 e4 45. fxe4 Bxe4 {[#]} 46. Bxa4 (46. Bxe4 $4 Kxe4 47. h5 (47. Kf2 h5 48. Ke2 b6 49. Kd2 f3 $19 {and wins the h-pawn.}) 47... b6 48. Kf2 Kf5 $19) 46... Bxg2 47. Bb5 {The position is completely equal. White can shuffle without too much thought or even try to trade the b-pawn.} Bd5 48. Kf2 Be4 49. Be2 b6 50. Bb5 Ke5 51. Bd7 Bd3 52. Kf3 Bc2 53. Kf2 Bd1 54. Ke1 Bb3 55. Kf2 Bc4 56. Kf3 Bd5+ 57. Kf2 Ke4 58. Bb5 f3 59. Bf1 Kd4 60. Bb5 Bb7 61. Bf1 Bc6 62. Ba6 b5 $1 {Critical Position Active or Passive? Liquidate/solidify the queenside with b3 & a4 (putting the  on c4 if ...b3), or something more passive?   [#]   The position is still equal but now White has to be more precise. After several hours of continuous pressure, my opponent finally cracked, making a decisive mistake that settled the game. With six minutes on the clock, she quickly played} 63. b3 $4 {Attempting to trade Black's b-pawn for White's a/b pawns.} (63. Bc8 Kd3 64. Bf5+ Kd2 {and with the  at a safe distance White can safely liquidate the queenside:} 65. b3 Kc3 66. a4 bxa4 67. bxa4 Bxa4 68. Kxf3 $11) 63... Kc3 $1 64. a4 b4 $8 65. Bc8 ({I think my opponent missed this when calculating 63. b3:} 65. Bc4 $2 {is the only way to protect the b3-pawn, but it fails to} Bxa4 $8 66. bxa4 Kxc4 $19) 65... Kxb3 66. a5 Ka4 {Black has to run after the a-pawn to put a stop to it.} 67. a6 Ka5 {[#]} 68. Ke3 (68. Bb7 Kb6 $1 {neutralizes all threats, as the Black bishop is protected and the king remains close enough to stop the a8-pawn if White attempts to push it.} 69. Bxc6 (69. a7 Kxb7) 69... Kxc6 $19) 68... Kb6 69. Kd2 Bb5 70. Ke3 Bxa6 71. Be6 Be2 {White resigned, as Black's task is now straightforward. This game meant a lot to me. First, I am not the type of player who trades queens early. I prefer keeping pieces on the board to maximize winning chances. Second, I have little experience in such positions, as I usually avoid them, believing they are too drawish. That is why I am especially proud of how I kept generating chances, fighting throughout, and ultimately securing the win. I believe one of the key differences between good players and stronger ones is their ability to create winning chances even in equal or slightly worse positions. This game reinforced that my hard work was paying off, that I was improving, and that I could maintain or even increase my rating—I had recently reached 2300 and was working to keep it. During the game, I kept reminding myself, Magnus would win this—so what would he do? Somehow, that mindset worked! Lastly, this game had a huge impact on my tournament at the Olympiad. My win was critical for securing the match victory, and it also set me up in the best possible mood before the rest day. I believe that break helped me relax and led to strong play and a great performance for the remainder of the tournament.} 0-1

[Event "45th World Chess Olympiad"]
[Site "Budapest"]
[Date "2024.09.18"]
[Round "7"]
[White "Ouellet, Maili-Jade"]
[Black "Stefanova, Antoaneta"]
[Result "1/2-1/2"]
[Annotator "Maili-Jade Ouellet"]
[WhiteElo "2318"]
[BlackElo "2416"]
[WhiteFideId "-1"]
[BlackFideId "-1"]
[PlyCount "131"]
[GameId "2091568094667925"]
[EventDate "2024.??.??"]
[EventCountry "HUN"]
[SourceTitle "Chess Canada 25"]
[Source "JohnUpper?CFC"]
[SourceDate "2025.06.29"]
[SourceVersion "1"]
[SourceVersionDate "2026.07.01"]
[SourceQuality "1"]

{This is Round 7 of the Women's World Chess Olympiad. We are facing Bulgaria, the 10th seed. Canada is lower rated on all boards. Therefore, as White, I felt the need to push for a win to give the team a chance to draw or perhaps even win the match.} 1. d4 d5 2. c4 c6 3. Nc3 Nf6 4. Nf3 e6 5. Bg5 h6 {[#]} 6. Bxf6 (6. Bh4 dxc4 7. e4 g5 8. Bg3 b5 9. Be2 $11 {was also a possible continuation as White has a lot of compensation for the pawn.}) 6... Qxf6 7. e3 g6 8. Be2 {The idea was to step away from well-known theoretical lines, surprise my opponent a bit and get a game.} (8. Bd3 {is the most played move and is probably what she expected.}) 8... Bg7 9. e4 Qd8 (9... dxe4 10. Nxe4 Qf4 11. Qc2 c5 12. dxc5 O-O 13. O-O a5 14. Rfd1 $11 {Black has enough compensation for the pawn, and might continue with ...d7, ...c6 and ...a6/c6.}) 10. e5 O-O 11. O-O {[#]} Nd7 (11... dxc4 {Black should counterattack in the center before White has the opportunity to consolidate, thereby preventing White from maintaining a strong central presence and, by extension, the space advantage.} 12. Bxc4 c5 13. dxc5 Nd7 14. Qe2 Nxc5 15. Rad1 Qe7 {Black does not have any problems.}) 12. Qc2 ({The same applies for White. Consolidating the center with a move like} 12. Re1 {was best.} dxc4 13. Bxc4 b5 14. Bf1 c5 15. dxc5 $11) 12... dxc4 13. Bxc4 c5 {[#] Had White's pawn on e5 been better protected, it could have been considered a strength. However, Black's counterattack in the center occurred before White was fully prepared to respond. As a result, the e5-pawn has become a weakness that requires constant defense, allowing Black to seize the initiative.} 14. Rad1 cxd4 15. Nxd4 $2 {I was unwilling to spend the remainder of the game under pressure, defending the weak e5-pawn. Therefore, I opted for a riskier approach, fully aware that the engine might not approve of it.} (15. Rxd4 $15 {White is not losing, but will have to work hard to preserve the weak e5-pawn.}) {[#] After thinking for 30 minutes! my opponent surprisingly opted for} 15... Qc7 $2 (15... Nxe5 16. Nxe6 Qh4 17. Nxf8 Qxc4 18. Nxg6 fxg6 19. Rd8+ Kh7 $17 {is a continuation that I saw. I was uncertain about the evaluation, as my rook on d8 would be quite active, while Black's king would remain relatively weak. However, I was not particularly pleased with the idea of giving up two minor pieces in exchange for a rook.}) 16. Ncb5 Qxe5 17. Rfe1 Qc5 18. Nxe6 $1 fxe6 19. Rxd7 Kh8 (19... Bxd7 20. Bxe6+ $18 {winning the queen.}) 20. Rc7 Qb6 {[#] Critical Position} 21. Re3 $4 {Looking back, this was a terrible mistake for several reasons. First, d1 was completely winning. Second, I only spent five minutes on this move when I should have taken more time, especially since I had over thirty minutes more on the clock than my opponent. Third, in the following moves, I kept looking for ways to make d3 work, which made d1 even more obvious in hindsight.} (21. Rd1 $1 {White is threatening to play d6 or xg6 now that the rook is no longer hanging on e1 after Black plays xf2+. For example:} a6 22. Qxg6 Qxf2+ 23. Kh1 Qf6 24. Qxf6 Bxf6 25. Nd6 $18 {White has complete control over the position and will soon gain a material advantage by taking the pawns on b7 and e6.}) 21... e5 22. Bd3 $2 (22. Qc3 {would have maintained the edge, but by this point, I believe I was psychologically unsettled, knowing that I had missed my opportunity.}) 22... Be6 23. Qc5 $6 Qxc5 24. Rxc5 {[#]} Rac8 $2 (24... Rad8 $17 {Black's pieces have a lot of potential, which is why avoiding trades is favorable.}) 25. Rxc8 Rxc8 26. h4 {Grabs space on the kingside, limits Black's pawns and prevents any backrank checkmates.} Bf6 27. Bxg6 Bxh4 28. Nc3 {[#] Repositions the knight and prevents Black from infiltrating the 1st rank. xe5 is now a threat.} Rc5 29. f4 Kg7 30. Bd3 Bf6 31. f5 Bf7 32. Rg3+ Kf8 33. Be4 $2 {Is an inaccuracy as it allows Black to generate decent play on the queenside with ...b5.} (33. Ne4 Rc1+ 34. Kh2 Bd8 35. Rh3 $11) 33... b5 $1 34. a3 a5 35. Rd3 {Anticipating ...b4 and preparing d5.} b4 36. axb4 axb4 37. Nd5 Bg5 38. b3 Rc1+ 39. Kf2 Bh4+ 40. g3 Rc2+ 41. Ke1 Bh5 {[#]} 42. gxh4 (42. Re3 {preventing e2+ was best.} Rc1+ 43. Kf2 Bg5 44. Re1 $11) 42... Re2+ 43. Kf1 Rxe4 44. Re3 $2 {Is a mistake as Black's bishop can easily capture the b3-pawn, while the Black king will reach the f5-pawn quickly.} (44. Kf2 Rxh4 45. Re3 $11 {White will soon capture Black's e5-pawn and regain material equality.}) 44... Rxe3 45. Nxe3 Bf7 {[#]} 46. Nc2 $2 (46. Ng4 Bxb3 47. Nxe5 Bc2 48. Ke1 Bxf5 49. Kd2 {[#]  Analysis Diagram The position is completely equal since Black will not be able to protect the b-pawn, while the remaining h-pawn is not sufficient to win. For example:} Kg7 50. Nc6 b3 51. Kc3 Be6 52. Nd4 Bd5 53. Nxb3 Bxb3 54. Kxb3 Kg6 55. Kc3 Kh5 56. Kd3 Kxh4 57. Ke2 Kg3 58. Kf1 $11) 46... Bxb3 47. Nxb4 Kf7 48. Kf2 Kf6 49. Ke3 Kxf5 50. Nc6 Bd5 51. Nb4 Be4 52. Na6 Ba8 53. Nc5 {[#] In order to win, Black needs to capture White's h-pawn while avoiding any repetitions or Zugzwangs.} e4 $2 (53... Kg4 54. Nd3 e4 $19 {followed by ...xh4. White can win the e-pawn, but cannot get to f1 to stop promotion.}) 54. h5 Bc6 {[#]} 55. Kd4 $4 (55. Nb3 Kg5 56. Nd4 Bb7 57. Nb5 $1 (57. Ne6+ $4 Kxh5 58. Nc5 Bc6 59. Kf4 Kh4 $19) 57... Kxh5 58. Nd6 Bd5 59. Kf4 $3 Kg6 (59... Kh4 60. Nf5+ Kh5 61. Ng3+ $11) 60. Nxe4) 55... Kf4 56. Ne6+ {[#]} Kg4 $4 {With seconds on the clock, it is understandable why Black did not wish to allow White to promote a queen.} (56... Kf3 $1 57. Ng5+ hxg5 58. h6 e3 59. h7 e2 60. h8=Q e1=Q 61. Qf6+ Kg4 62. Qxc6 Qf2+ $1 {White cannot avoid the queen trade.} 63. Ke5 (63. Kc4 Qc2+ $19) (63. Kc3 Qf3+ $19) (63. Kd3 Qf3+ $19) 63... Qf5+ 64. Kd4 (64. Kd6 Qf6+) 64... Qf4+ $19 {and wherever the  moves, Black forces off the queens with a check and promotes the g-pawn.}) 57. Ke3 Kxh5 58. Kf4 Kh4 59. Nd4 {[#] Black cannot make any progress.} Bd7 (59... Bb7 60. Nf5+ Kh5 61. Nd6 Bc6 62. Nf5 $11) (59... Ba8 60. Nf5+ Kh5 61. Ng3+ Kh4 (61... Kg6 62. Nxe4 $11) 62. Nf5+ {with a draw by repetition.}) 60. Kxe4 $11 {Now all White has to do is sacrifice the knight in exchange for the h-pawn.} Kg4 61. Ke3 h5 62. Kf2 Kh3 63. Ne2 h4 64. Nf4+ Kg4 65. Ng6 Bf5 66. Nxh4 1/2-1/2